Holiday Quiz

Random Holiday or Halloween Quiz

Sporcle's Easiest Holiday Quiz Stats

 Plays Quiz Updated Dec 17, 2017

Score 0/30 Timer 05:00
2 Plays Today
Hint Answer % Correct
US federal holidaysChristmas Day
81.6%
12 days of Christmas gifts5 Golden Rings
76.9%
12 days of Christmas gifts2 Turtle Doves
73.3%
12 days of Christmas giftsA Partridge in a Pear Tree
72.9%
US federal holidaysThanksgiving Day
70.9%
US federal holidaysIndependence Day
70.8%
12 days of Christmas gifts3 French Hens
70.1%
US federal holidaysNew Year's Day
67.6%
Jewish holidaysHanukkah
65.3%
Foods featured at the first ThanksgivingMaize
63.1%
Foods featured at the first ThanksgivingBoiled Pumpkin
62.2%
Halloween costumes (2008)Ghost
61.4%
US federal holidaysLabor Day
60.7%
12 days of Christmas gifts4 Calling Birds
60.4%
Halloween costumes (2008)Witch
58%
Hint Answer % Correct
Eartha Kitt's Christmas list in 'Santa Baby''54 Convertible
52.5%
Jewish holidaysYom Kippur
48.8%
Jewish holidaysPesach
46.2%
Foods featured at the first ThanksgivingDuck
45.6%
Eartha Kitt's Christmas list in 'Santa Baby'Sable
43.7%
Eartha Kitt's Christmas list in 'Santa Baby'Duplex
39.1%
Halloween costumes (2008)Vampire
37.6%
Eartha Kitt's Christmas list in 'Santa Baby'Yacht
37.5%
Eartha Kitt's Christmas list in 'Santa Baby'Deed to a platinum mine
37.2%
Halloween costumes (2008)Princess
31.8%
Jewish holidaysRosh Hashana
31.2%
Foods featured at the first ThanksgivingFish
30.2%
Halloween costumes (2008)Cat
21.8%
Foods featured at the first ThanksgivingNuts
9.6%
Jewish holidaysShabbat
6%

You're not logged in!

Compare scores with friends on all Sporcle quizzes.
OR
Log In

Show Comments

Extras

Top Quizzes Today


Score Distribution

Your Account Isn't Verified!

In order to create a playlist on Sporcle, you need to verify the email address you used during registration. Go to your Sporcle Settings to finish the process.

Report this User

Report this user for behavior that violates our Community Guidelines.

Details: